000 00589nam a22001817a 4500
999 _c130127
_d130127
008 191204b ||||| |||| 00| 0 eng d
050 _aHD8390.B9
100 _aRuskin, John
_948912
245 _aFor clavigera
_bletters to the workmen and labourers of Great Britain
_cJohn ruskin
260 _aBoston
_bDana estes and company
_c1878
300 _a412p. ;
_c21cm.
500 _atome 2 vols. 3 and 4
650 _aConduct of life
_97244
650 _aAesthetics
_948913
650 _aSocial problems
_96331
651 _aGreat Britain
_xSocial conditions
_927639
942 _2lcc
_cMONOGRAPH